|
|
|
|
| LEADER |
00000nam0a2200000 4500 |
| 001 |
283058 |
| 005 |
20231101235547.0 |
| 035 |
|
|
|a (RuTPU)RU\TPU\book\307086
|
| 090 |
|
|
|a 283058
|
| 100 |
|
|
|a 20150204d1984 km y0rusy50 ca
|
| 101 |
0 |
|
|a rus
|
| 102 |
|
|
|a RU
|
| 105 |
|
|
|a a z 001zy
|
| 200 |
1 |
|
|a Планирование формирования трудовых ресурсов в строительстве на Севере
|f Ю. Н. Карасев
|
| 210 |
|
|
|a Ленинград
|c Стройиздат
|d 1984
|
| 215 |
|
|
|a 124 с.
|c ил.
|
| 320 |
|
|
|a Библиогр.: с. 121-122
|
| 606 |
1 |
|
|a Строительство
|x Кадры
|x Подготовка
|x Текучесть
|2 stltpush
|3 (RuTPU)RU\TPU\subj\57840
|9 75689
|
| 610 |
1 |
|
|a трудовые ресурсы
|
| 610 |
1 |
|
|a планирование
|
| 610 |
1 |
|
|a формирование
|
| 610 |
1 |
|
|a производительность труда
|
| 610 |
1 |
|
|a климатические условия
|
| 610 |
1 |
|
|a Крайний Север
|
| 610 |
1 |
|
|a психоэмоциональное состояние
|
| 675 |
|
|
|a 69:658.386
|v 3
|
| 700 |
|
1 |
|a Карасев
|b Ю. Н.
|g Юрий Николаевич
|
| 801 |
|
1 |
|a RU
|b 63413507
|c 20150204
|
| 801 |
|
2 |
|a RU
|b 63413507
|c 20170727
|g RCR
|
| 942 |
|
|
|c BK
|